000
00283nam a22001337a 4500
008
170411b xxu||||| |||| 00| 0 eng d
020
_a
0397511019
041
_a
eng
080
_2
4 ED
_a
618
100
_a
10
101
_a
SHM
245
_a
NEONATOLOGY
_c
AVERY.G.B
942
_2
udc
_c
BK
999
_c
10306
_d
10306